000 00684nam a2200289Ia 4500
005 20260324122827.0
008 008 260324s9999 xx 000 0 eng d
020 _a9780429479267
037 _aEBOOK
040 _aCRL
040 _beng
040 _cCRL
041 _2eng
041 _aeng
084 _qCRL
100 _aLynette Harborne
_91167967
245 0 _aPsychotherapy and Spiritual Direction
245 0 _bTwo Languages, One Voice?
260 _bTaylor and Francis
260 _c2012
365 _a
365 _b220
856 _uhttp://www.taylorfrancis.com/books/9780429479267
942 _cEBOOK
999 _c1760994
_d1760994